[Event "Nordrhein Westfalen-ch Seniors 13th"]
[Site "Bad Salzuflen"]
[Date "2002.06.13"]
[Round "6"]
[White "Tamm, Rudolf"]
[Black "Josting, Friedel"]
[Result "0-1"]
[WhiteElo "1718"]
[BlackElo "1865"]
[PlyCount "74"]
[EventDate "2002.06.??"]
[EventType "swiss"]
[EventRounds "9"]
[EventCountry "GER"]
[SourceTitle "EXT 2006"]
[Source "ChessBase"]
[SourceDate "2005.11.24"]
[SourceVersion "1"]
[SourceVersionDate "2005.11.24"]
[SourceQuality "1"]

1. d4 Nf6 2. f3 d5 3. e4 e6 4. Bg5 Be7 5. Nc3 0-0 6. Qd2 a6 7. e5 Nfd7 8. h4 c5 9. Bxe7 Qxe7 10. Nh3 Qxh4+ 11. Nf2 Qxd4 12. Bd3 Qxe5+ 13. Ne2 g6 14. Ng4 Qg7 15. 0-0-0 f5 16. Nh6+ Kh8 17. Nf4 Nf6 18. Rh2 Nc6 19. Rdh1 Ne5 20. Be2 b5 21. g4 fxg4 22. Nxg4 Nexg4 23. fxg4 Ra7 24. Rh6 Kg8 25. Qe3 d4 26. Qh3 e5 27. Nxg6 hxg6 28. Qb3+ c4 29. Bxc4+ bxc4 30. Qxc4+ Raf7 31. g5 Nh5 32. c3 dxc3 33. bxc3 Bb7 34. Rd1 Nf4 35. Rd6 e4 36. Kb2 Rc8 37. Qb3 Bd5 0-1

[Event "Nordrhein Westfalen-ch Seniors 13th"]
[Site "Bad Salzuflen"]
[Date "2002.06.10"]
[Round "3"]
[White "Tamm, Rudolf"]
[Black "Heslenfeld, Peter Hermann"]
[Result "1-0"]
[WhiteElo "1718"]
[BlackElo "2121"]
[PlyCount "49"]
[EventDate "2002.06.??"]
[EventType "swiss"]
[EventRounds "9"]
[EventCountry "GER"]
[SourceTitle "EXT 2006"]
[Source "ChessBase"]
[SourceDate "2005.11.24"]
[SourceVersion "1"]
[SourceVersionDate "2005.11.24"]
[SourceQuality "1"]

1. d4 d5 2. e4 dxe4 3. Nc3 Nf6 4. f3 Bf5 5. g4 Bg6 6. g5 Nd5 7. Nxe4 e6 8. Bb5+ c6 9. Ba4 Nd7 10. Ne2 Qa5+ 11. c3 Be7 12. Bd2 N5b6 13. Bb3 Bxe4 14. fxe4 Bxg5 15. Rg1 Bxd2+ 16. Qxd2 Qh5 17. Ng3 Qh4 18. 0-0-0 0-0-0 19. Qe2 e5 20. Nf5 Qf6 21. Rxg7 exd4 22. cxd4 Rhg8 23. Rxf7 Qg5+ 24. Kb1 Rge8 25. Nd6+ 1-0

[Event "Nordrhein Westfalen-ch Seniors 13th"]
[Site "Bad Salzuflen"]
[Date "2002.06.08"]
[Round "1"]
[White "Tamm, Rudolf"]
[Black "Neese, Hans Joachim"]
[Result "0-1"]
[WhiteElo "1718"]
[BlackElo "2176"]
[PlyCount "66"]
[EventDate "2002.06.??"]
[EventType "swiss"]
[EventRounds "9"]
[EventCountry "GER"]
[SourceTitle "EXT 2006"]
[Source "ChessBase"]
[SourceDate "2005.11.24"]
[SourceVersion "1"]
[SourceVersionDate "2005.11.24"]
[SourceQuality "1"]

1. d4 Nf6 2. c4 e6 3. Nc3 d5 4. cxd5 exd5 5. Bg5 c6 6. e3 Be7 7. Qc2 Be6 8. Nf3 Nbd7 9. Bd3 h6 10. Bf4 Nh5 11. 0-0 0-0 12. Rfe1 Re8 13. h3 Nxf4 14. exf4 Nf8 15. f5 Bd7 16. Re2 Bd6 17. Ne5 Qh4 18. Nf3 Rxe2 19. Nxe2 Qf6 20. Ng3 Re8 21. Nh5 Qd8 22. g4 Nh7 23. Qd2 Ng5 24. Nxg5 Qxg5 25. Qxg5 hxg5 26. Kf1 Bc7 27. f6 g6 28. Ng7 Rf8 29. Re1 Bd8 30. Re7 Bxe7 31. fxe7 Rb8 32. e8Q+ Bxe8 33. Nxe8 Rxe8 0-1

[Event "Oberliga NRW 9900 I"]
[Site "Germany"]
[Date "2000.02.09"]
[Round "5.8"]
[White "Loyen, Egbert"]
[Black "Tamm, Rudolf"]
[Result "1-0"]
[WhiteElo "1998"]
[BlackElo "1751"]
[PlyCount "41"]
[EventDate "1999.10.26"]
[EventType "team"]
[EventRounds "9"]
[EventCountry "GER"]
[SourceTitle "EXT 2001"]
[Source "ChessBase"]
[SourceDate "2000.11.22"]
[SourceVersion "1"]
[SourceVersionDate "2000.11.22"]
[SourceQuality "1"]
[WhiteTeam "Essen Borbeck"]
[BlackTeam "Enger Spenge"]
[WhiteTeamCountry "GER"]
[BlackTeamCountry "GER"]

1. d4 Nf6 2. Nf3 d5 3. g3 Bf5 4. Bg2 e6 5. 0-0 h6 6. c4 Be7 7. Nc3 0-0 8. Qb3 c5 9. cxd5 Nxd5 10. Qxb7 Nb6 11. dxc5 Bxc5 12. Ne5 Bc2 13. Qf3 Qd4 14. Nd3 N8d7 15. Be3 Qc4 16. Nxc5 Nxc5 17. Rfc1 Bf5 18. b3 Nxb3 19. axb3 Qxb3 20. Bxb6 Qxb6 21. Nd5 1-0

[Event "NRW-ch Seniors 10th"]
[Site "Rheda Wiedenbrueck"]
[Date "1999.06.06"]
[Round "6"]
[White "Betz, Egon"]
[Black "Tamm, Rudolf"]
[Result "0-1"]
[WhiteElo "1902"]
[BlackElo "1730"]
[PlyCount "78"]
[EventDate "1999.06.??"]
[EventType "swiss"]
[EventRounds "9"]
[EventCountry "GER"]
[SourceTitle "EXT 2006"]
[Source "ChessBase"]
[SourceDate "2005.11.24"]
[SourceVersion "1"]
[SourceVersionDate "2005.11.24"]
[SourceQuality "1"]

1. e4 e5 2. Nf3 Nc6 3. d4 exd4 4. Nxd4 g6 5. Bc4 Bg7 6. Be3 Nf6 7. Nc3 Ne5 8. Bb3 0-0 9. h3 d6 10. f4 Nc6 11. Bc4 a6 12. a4 Nb4 13. Rc1 Re8 14. Bd3 c5 15. Nde2 Bd7 16. 0-0 Bc6 17. Ng3 Qa5 18. Bd2 b5 19. axb5 axb5 20. Re1 c4 21. Bf1 Qb6+ 22. Be3 Qc7 23. Bd4 Qb7 24. Bxf6 Bxf6 25. Qxd6 Be7 26. Qd1 Bh4 27. Qg4 Bxg3 28. Qxg3 Bxe4 29. Nxe4 Rxe4 30. c3 Qb6+ 31. Kh2 Rxe1 32. Rxe1 Nc2 33. Re2 Ra1 34. Qf3 Rc1 35. Re4 Kg7 36. Qe2 Re1 37. Qxe1 Nxe1 38. Rxe1 Qf2 39. Rd1 Qxb2 0-1